00339nam a22000977a 4500008004100000082001800041245011100059260003700170300001000207710002400217230609b xxu||||| |||| 00| 0 eng d a354.6200bGOK a Public Accounts Committee on the Government of Kenya Accounts for the Year 2002/2003cGovernment of Kenya aKenyabGovernment of Kenyac2003 a665 p bGovernment of Kenya